[Event "40. Open Ciudad de Sevilla 2015"]
[Site "Sevilla ESP"]
[Date "2015.01.29"]
[Round "6.3"]
[White "Oral, Tomas"]
[Black "Starostits, Ilmars"]
[Result "1-0"]
[WhiteElo "2498"]
[BlackElo "2441"]
[PlyCount "131"]
[EventDate "2015.01.25"]
[EventType "swiss"]
[EventRounds "9"]
[EventCountry "ESP"]
[Source "lmi"]
[SourceDate "2015.01.25"]

1. e4 c6 2. d4 d5 3. exd5 cxd5 4. c4 Nf6 5. Nc3 Nc6 6. Bg5 Be6 7. Bxf6 exf6 8.
c5 g6 9. Bb5 h5 10. Nge2 Bh6 11. O-O O-O 12. Ba4 h4 13. h3 a6 14. a3 Na5 15.
Ra2 b5 16. Bc2 Qd7 17. b3 Rfe8 18. Qd3 Kg7 19. Qf3 Nc6 20. Raa1 Rad8 21. Rad1
b4 22. axb4 Nxb4 23. Bb1 g5 24. g4 hxg3 25. Nxg3 Bxh3 26. Nh5+ Kf8 27. Nxf6 Qe6
28. Nxe8 Bxf1 29. Nd6 Bb5 30. Ndxb5 axb5 31. Nxb5 g4 32. Qf5 g3 33. fxg3 Qe3+
34. Kh1 Qxg3 35. Rf1 Qh4+ 36. Kg2 Qg5+ 37. Qxg5 Bxg5 38. Nd6 Rd7 39. Bg6 f6 40.
Ra1 Kg7 41. Be8 Rc7 42. c6 Bf4 43. Nf5+ Kh7 44. Rh1+ Kg8 45. Kf3 Bg5 46. Bd7
Kf7 47. Nd6+ Ke7 48. Nb5 Nxc6 49. Rh7+ Kd8 50. Nxc7 Nxd4+ 51. Kg4 Kxc7 52. Ba4+
Kd6 53. b4 Bd2 54. Rd7+ Ke5 55. Re7+ Kd6 56. Rd7+ Ke5 57. b5 f5+ 58. Kh3 Ba5
59. Ra7 Bb6 60. Rb7 Bc5 61. b6 Ne6 62. Rb8 Bd6 63. Re8 Kf6 64. b7 Nc5 65. Bc6
Na6 66. Bxd5 1-0

[Event "40. Open Ciudad de Sevilla 2015"]
[Site "Sevilla ESP"]
[Date "2015.01.29"]
[Round "6.4"]
[White "Campora Sivori, Daniel"]
[Black "Fernandez Romero, Ernesto"]
[Result "1/2-1/2"]
[WhiteElo "2456"]
[BlackElo "2483"]
[PlyCount "43"]
[EventDate "2015.01.25"]
[EventType "swiss"]
[EventRounds "9"]
[EventCountry "ESP"]
[Source "lmi"]
[SourceDate "2015.01.25"]

1. e4 e6 2. d4 d5 3. Nd2 c5 4. Ngf3 cxd4 5. exd5 Qxd5 6. Bc4 Qd7 7. O-O Nf6 8.
Qe2 Nc6 9. Rd1 a6 10. a4 Qc7 11. Nb3 Bd7 12. Bg5 Be7 13. Nbxd4 O-O 14. Bb3 Rfd8
15. c3 Nxd4 16. Nxd4 Nd5 17. Bxe7 Nxe7 18. Rd2 Nc6 19. Nxc6 Bxc6 20. Rad1 g6
21. Qe3 Rxd2 22. Rxd2 1/2-1/2

[Event "40. Open Ciudad de Sevilla 2015"]
[Site "Sevilla ESP"]
[Date "2015.01.29"]
[Round "6.5"]
[White "Lalic, Bogdan"]
[Black "Espejo Montagut, Jonathan"]
[Result "1-0"]
[WhiteElo "2482"]
[BlackElo "2101"]
[PlyCount "55"]
[EventDate "2015.01.25"]
[EventType "swiss"]
[EventRounds "9"]
[EventCountry "ESP"]
[Source "lmi"]
[SourceDate "2015.01.25"]

1. d4 Nf6 2. c4 e6 3. g3 d5 4. Bg2 Be7 5. Nf3 O-O 6. O-O dxc4 7. Ne5 a6 8. Nc3
Ra7 9. a4 b6 10. e4 c5 11. d5 exd5 12. exd5 Bf5 13. Nxc4 Ne8 14. Re1 Nd6 15.
Ne5 Bf6 16. Nc6 Nxc6 17. dxc6 Be6 18. Bf4 Nf5 19. Nd5 Bxd5 20. Qxd5 Nd4 21.
Qxd8 Rxd8 22. c7 Rc8 23. Bh3 Raa8 24. Bxc8 Rxc8 25. Re4 Ne6 26. Rd1 Kf8 27. Rd6
Rxc7 28. Rdxe6 1-0

[Event "40. Open Ciudad de Sevilla 2015"]
[Site "Sevilla ESP"]
[Date "2015.01.29"]
[Round "6.6"]
[White "Krysa, Leandro"]
[Black "Ortega Valle, Jose Ramon"]
[Result "1-0"]
[WhiteElo "2457"]
[BlackElo "2033"]
[PlyCount "63"]
[EventDate "2015.01.25"]
[EventType "swiss"]
[EventRounds "9"]
[EventCountry "ESP"]
[Source "lmi"]
[SourceDate "2015.01.25"]

1. d4 Nf6 2. c4 g6 3. Nc3 Bg7 4. e4 O-O 5. Be2 d6 6. Bg5 Nbd7 7. Qd2 c5 8. d5
a6 9. Nf3 b5 10. cxb5 axb5 11. Bxb5 Ba6 12. Bxa6 Rxa6 13. O-O Qb6 14. Rfe1 Rb8
15. Rab1 Ng4 16. Bxe7 f6 17. e5 Ngxe5 18. Nxe5 fxe5 19. Ne4 Qc7 20. b4 Bf8 21.
Qe2 Qa7 22. Bxf8 Rxf8 23. b5 Rxa2 24. Qg4 Nf6 25. Qe6+ Kg7 26. b6 Qb7 27. Nxd6
Qxd5 28. Qe7+ Kg8 29. b7 Nd7 30. Red1 Rb2 31. Qxd7 Qd2 32. Qe6+ 1-0

[Event "40. Open Ciudad de Sevilla 2015"]
[Site "Sevilla ESP"]
[Date "2015.01.29"]
[Round "6.7"]
[White "Arroyo Rodriguez, Jesus"]
[Black "Blechzin, Igor"]
[Result "1-0"]
[WhiteElo "2040"]
[BlackElo "2357"]
[PlyCount "75"]
[EventDate "2015.01.25"]
[EventType "swiss"]
[EventRounds "9"]
[EventCountry "ESP"]
[Source "lmi"]
[SourceDate "2015.01.25"]

1. e4 c5 2. Nf3 d6 3. d4 cxd4 4. Nxd4 Nf6 5. Nc3 g6 6. Be3 Bg7 7. f3 Nc6 8. Qd2
O-O 9. O-O-O d5 10. Kb1 Nxd4 11. e5 Nd7 12. Bxd4 Nxe5 13. Qe3 Nc6 14. Bxg7 Kxg7
15. Nxd5 Qa5 16. Bc4 e6 17. Nc3 Qe5 18. Qf2 a6 19. f4 Qc7 20. g4 b5 21. Be2 Qa7
22. Qh4 Nd4 23. Rd3 Nxe2 24. Nxe2 h6 25. Rhd1 Qc5 26. Ng3 Bb7 27. f5 Rac8 28.
c3 Qe5 29. fxg6 Kxg6 30. Rd4 Rc4 31. Qe7 Rxd4 32. cxd4 Qb8 33. Rf1 f6 34. Nh5
Be4+ 35. Ka1 Kg5 36. Nxf6 Rxf6 37. Qxf6+ Kxg4 38. Qxe6+ 1-0

[Event "40. Open Ciudad de Sevilla 2015"]
[Site "Sevilla ESP"]
[Date "2015.01.29"]
[Round "6.8"]
[White "Carruana Fuentes, Rafael"]
[Black "Naranjo Moreno, Antonio"]
[Result "0-1"]
[WhiteElo "2033"]
[BlackElo "2285"]
[PlyCount "88"]
[EventDate "2015.01.25"]
[EventType "swiss"]
[EventRounds "9"]
[EventCountry "ESP"]
[Source "lmi"]
[SourceDate "2015.01.25"]

1. d4 Nf6 2. Nf3 g6 3. c4 Bg7 4. Nc3 O-O 5. g3 d6 6. Bg2 Nc6 7. O-O a6 8. b3
Rb8 9. Bb2 b5 10. cxb5 axb5 11. Rc1 b4 12. Na4 Na7 13. Qc2 Nb5 14. Qc4 Nd7 15.
Qxb4 Nxd4 16. Qd2 Nxf3+ 17. Bxf3 Ne5 18. Bg2 c5 19. Rfd1 Be6 20. f4 Ng4 21.
Bxg7 Kxg7 22. h3 Nf6 23. e4 c4 24. bxc4 Qd7 25. Nc3 Bxh3 26. Kh2 Bxg2 27. Kxg2
Qe6 28. Re1 Kg8 29. Qe2 Rb7 30. Nd5 Rfb8 31. Rc2 Rb1 32. Rxb1 Rxb1 33. Nxf6+
Qxf6 34. e5 dxe5 35. Qxe5 Qb6 36. c5 Qc6+ 37. Kf2 Qh1 38. Re2 Qh2+ 39. Ke3
Qxg3+ 40. Kd2 Qa3 41. Qxe7 Rb2+ 42. Ke1 Qg3+ 43. Kd1 Qg1+ 44. Re1 Qd4+ 0-1

[Event "40. Open Ciudad de Sevilla 2015"]
[Site "Sevilla ESP"]
[Date "2015.01.29"]
[Round "6.9"]
[White "Silva Lucena, Cristian"]
[Black "Morales Araujo, Francisco Javi"]
[Result "1-0"]
[WhiteElo "2200"]
[BlackElo "2031"]
[PlyCount "79"]
[EventDate "2015.01.25"]
[EventType "swiss"]
[EventRounds "9"]
[EventCountry "ESP"]
[Source "lmi"]
[SourceDate "2015.01.25"]

1. e4 g6 2. d4 Bg7 3. Nc3 c6 4. Be3 d5 5. Qd2 dxe4 6. Nxe4 Nd7 7. O-O-O Ngf6 8.
Bd3 Nxe4 9. Bxe4 Nf6 10. Bf3 Be6 11. Kb1 Nd5 12. Ne2 Nxe3 13. fxe3 Qb6 14. Nf4
Bc4 15. Be2 Bxe2 16. Qxe2 O-O-O 17. Nd3 Rhe8 18. Qf3 f5 19. Qh3 h6 20. g4 e6
21. Rhg1 Rd6 22. c3 Kb8 23. Nc5 Qc7 24. Qf3 e5 25. gxf5 Rf8 26. Qg4 Rxf5 27.
Rdf1 Rg5 28. Qe2 Rxg1 29. Rxg1 Qe7 30. Qc4 exd4 31. exd4 Rf6 32. a4 b6 33. Na6+
Kb7 34. Nb4 a5 35. Qa6+ Kc7 36. Nc2 c5 37. Re1 Qd7 38. Qa7+ Kc6 39. d5+ Qxd5
40. Qxg7 1-0

[Event "40. Open Ciudad de Sevilla 2015"]
[Site "Sevilla ESP"]
[Date "2015.01.29"]
[Round "6.10"]
[White "Gavira Galocha, Antonio Jesus"]
[Black "Carrabeo Garcia, Manuel"]
[Result "1/2-1/2"]
[WhiteElo "2014"]
[BlackElo "2160"]
[PlyCount "91"]
[EventDate "2015.01.25"]
[EventType "swiss"]
[EventRounds "9"]
[EventCountry "ESP"]
[Source "lmi"]
[SourceDate "2015.01.25"]

1. Nf3 Nf6 2. d4 e6 3. g3 d5 4. Bg2 Be7 5. Bg5 c5 6. c3 Nc6 7. e3 Qb6 8. Qb3 c4
9. Qc2 O-O 10. Nbd2 h6 11. Bxf6 Bxf6 12. O-O Bd7 13. e4 Qc7 14. a4 Qb6 15. Rfe1
Rac8 16. h3 Na5 17. exd5 exd5 18. Ne5 Be6 19. Rab1 Rfd8 20. f4 Nc6 21. Ndf3 Ne7
22. g4 a5 23. Ra1 Nc6 24. Kh2 Qc7 25. Kh1 Rb8 26. Qf2 b5 27. axb5 Rxb5 28. Nxc6
Qxc6 29. Ne5 Qb6 30. Ra2 Bxe5 31. Rxe5 f6 32. Re2 Rb8 33. Qe1 Bf7 34. Kh2 Qd6
35. Qg3 R8b6 36. f5 Qd7 37. Qe1 Qc7+ 38. Qg3 Qb7 39. Qf2 Kh7 40. h4 Kg8 41. Kh3
Kh7 42. Bf3 Qd7 43. Qe1 Qc7 44. Qg3 Qb7 45. Qg2 Qb8 46. Qh2 1/2-1/2

[Event "40. Open Ciudad de Sevilla 2015"]
[Site "Sevilla ESP"]
[Date "2015.01.29"]
[Round "6.11"]
[White "Leite, Catarina"]
[Black "Martin Rengel, Jose Maria"]
[Result "1-0"]
[WhiteElo "2136"]
[BlackElo "1970"]
[PlyCount "49"]
[EventDate "2015.01.25"]
[EventType "swiss"]
[EventRounds "9"]
[EventCountry "ESP"]
[Source "lmi"]
[SourceDate "2015.01.25"]

1. e4 c5 2. Nc3 Nc6 3. g3 g6 4. Bg2 Bg7 5. d3 e6 6. Be3 Nd4 7. Qd2 Qa5 8. f4
Ne7 9. Nh3 Rb8 10. O-O d6 11. e5 Nef5 12. Bf2 dxe5 13. Rae1 Qc7 14. g4 Ne7 15.
fxe5 Nec6 16. Bg3 O-O 17. Ne4 Ne7 18. Nf6+ Kh8 19. Bf4 b6 20. Ng5 h6 21. Nge4
Bb7 22. Bxh6 Bxe4 23. Rxe4 Nd5 24. Qg5 Rfc8 25. Qh4 1-0

[Event "40. Open Ciudad de Sevilla 2015"]
[Site "Sevilla ESP"]
[Date "2015.01.29"]
[Round "6.12"]
[White "De Dios Ortega, Juan Manuel"]
[Black "Aranaz Portugues, Jose Carlos"]
[Result "1/2-1/2"]
[WhiteElo "2004"]
[BlackElo "2106"]
[PlyCount "109"]
[EventDate "2015.01.25"]
[EventType "swiss"]
[EventRounds "9"]
[EventCountry "ESP"]
[Source "lmi"]
[SourceDate "2015.01.25"]

1. e4 e6 2. d4 d5 3. Nd2 Nf6 4. e5 Ng8 5. Bd3 c5 6. c3 Nc6 7. Ne2 Qb6 8. O-O
cxd4 9. cxd4 Nxd4 10. Nxd4 Qxd4 11. Nf3 Qb6 12. Be3 Bc5 13. Bxc5 Qxc5 14. Ng5
Nh6 15. Qh5 Bd7 16. Nxh7 Qd4 17. Rfd1 Qg4 18. Qxg4 Nxg4 19. Re1 Ke7 20. h3 Nh6
21. Ng5 f6 22. Nf3 Nf7 23. exf6+ gxf6 24. Rad1 Rag8 25. Kh2 Nd6 26. Bc2 Kf8 27.
b4 Kg7 28. Bb3 Rd8 29. g4 Ne4 30. Kg2 Rhe8 31. Re3 Rc8 32. Rxe4 dxe4 33. Rxd7+
Kh6 34. Nd4 Red8 35. g5+ fxg5 36. Rxd8 Rxd8 37. Nxe6 Rd2 38. Kg3 b6 39. Nc7 a5
40. b5 a4 41. Bxa4 Rxa2 42. Bd1 Ra3+ 43. Kg2 e3 44. fxe3 Rxe3 45. Bf3 Kg6 46.
Nd5 Rb3 47. Be2 Rb2 48. Kf2 Rb3 49. Ne3 Rb4 50. Bd3+ Kh5 51. Kg3 Rb3 52. Be2+
Kg6 53. Kf2 Rb4 54. Nd5 Rb3 55. Ne3 1/2-1/2

[Event "40. Open Ciudad de Sevilla 2015"]
[Site "Sevilla ESP"]
[Date "2015.01.29"]
[Round "6.13"]
[White "Pereira Figueroa, Manuel"]
[Black "Granero Roca, Antonio"]
[Result "0-1"]
[WhiteElo "2079"]
[BlackElo "2404"]
[PlyCount "75"]
[EventDate "2015.01.25"]
[EventType "swiss"]
[EventRounds "9"]
[EventCountry "ESP"]
[Source "lmi"]
[SourceDate "2015.01.25"]

1. d4 Nf6 2. c4 g6 3. Nc3 Bg7 4. e4 d6 5. Nf3 O-O 6. Be2 Bg4 7. Be3 Nfd7 8. Nd2
Bxe2 9. Qxe2 c5 10. d5 Qa5 11. Rc1 Na6 12. O-O Nc7 13. Bg5 Rfe8 14. g4 e6 15.
Qd3 exd5 16. cxd5 Qb4 17. Nc4 b5 18. Nd2 Qd4 19. Qxd4 Bxd4 20. Kh1 b4 21. Nd1
Nb6 22. f4 f5 23. gxf5 gxf5 24. exf5 Ncxd5 25. Nf3 Be3 26. Nxe3 Nxe3 27. Rg1
Kf7 28. f6 Nf5 29. Ne5+ dxe5 30. Rxc5 Rac8 31. Rb5 Nd4 32. Rxb4 Nf3 33. Rf1 e4
34. Kg2 Rc2+ 35. Kg3 Nd2 36. Re1 e3 37. Bh4 h6 38. a4 0-1

[Event "40. Open Ciudad de Sevilla 2015"]
[Site "Sevilla ESP"]
[Date "2015.01.29"]
[Round "6.14"]
[White "Planas Gene, Juan"]
[Black "Barrero Garcia, Carlos"]
[Result "1/2-1/2"]
[WhiteElo "2053"]
[BlackElo "2360"]
[PlyCount "57"]
[EventDate "2015.01.25"]
[EventType "swiss"]
[EventRounds "9"]
[EventCountry "ESP"]
[Source "lmi"]
[SourceDate "2015.01.25"]

1. d4 Nf6 2. c4 g6 3. Nc3 Bg7 4. e4 d6 5. Nf3 O-O 6. Be2 Na6 7. O-O e5 8. d5
Nc5 9. Qc2 a5 10. Nd2 Ne8 11. Nb3 f5 12. Nxc5 dxc5 13. Be3 b6 14. f3 f4 15. Bf2
h5 16. a3 Rf7 17. b4 axb4 18. axb4 Rxa1 19. Rxa1 cxb4 20. Nb5 Bd7 21. c5 bxc5
22. Bxc5 Qb8 23. Qc4 Bf8 24. Bxf8 Kxf8 25. Qxb4+ Nd6 26. Rb1 Bxb5 27. Bxb5 Qa7+
28. Kf1 Kg7 29. Be2 1/2-1/2

[Event "40. Open Ciudad de Sevilla 2015"]
[Site "Sevilla ESP"]
[Date "2015.01.29"]
[Round "6.15"]
[White "Gavilan Diaz, Mario"]
[Black "Camacho Calle, Pedro"]
[Result "1-0"]
[WhiteElo "2250"]
[BlackElo "2086"]
[PlyCount "97"]
[EventDate "2015.01.25"]
[EventType "swiss"]
[EventRounds "9"]
[EventCountry "ESP"]
[Source "lmi"]
[SourceDate "2015.01.25"]

1. e4 c6 2. Nc3 d5 3. Nf3 Bg4 4. h3 Bxf3 5. Qxf3 Nf6 6. d3 e6 7. Bd2 Bb4 8.
O-O-O d4 9. Nb1 Bxd2+ 10. Nxd2 c5 11. g4 Nc6 12. g5 Nd7 13. h4 Qe7 14. Qg3 e5
15. Bh3 Nf8 16. f4 exf4 17. Qxf4 Ne6 18. Qf5 g6 19. Qf2 O-O 20. Rdf1 Ne5 21.
Qh2 Ng7 22. Nf3 Nxf3 23. Rxf3 f6 24. Kb1 fxg5 25. Rxf8+ Rxf8 26. hxg5 Nh5 27.
Rg1 Rf4 28. Bg4 Qf7 29. Bxh5 gxh5 30. a3 c4 31. dxc4 Rf1+ 32. Rxf1 Qxf1+ 33.
Ka2 Qxc4+ 34. b3 Qc6 35. Qb8+ Kf7 36. Qf4+ Kg8 37. Kb1 h4 38. Qxh4 d3 39. cxd3
Qc3 40. Qh3 Qxb3+ 41. Kc1 Qxa3+ 42. Kd2 Qb2+ 43. Ke3 Qc1+ 44. Kd4 Qb2+ 45. Kd5
Qb5+ 46. Kd6 Qc6+ 47. Ke7 a5 48. Qf5 a4 49. Qf8# 1-0

[Event "40. Open Ciudad de Sevilla 2015"]
[Site "Sevilla ESP"]
[Date "2015.01.29"]
[Round "6.17"]
[White "Sgnaolin, Davide"]
[Black "Gaitan Ramirez, Alfonso"]
[Result "1-0"]
[WhiteElo "2219"]
[BlackElo "2012"]
[PlyCount "149"]
[EventDate "2015.01.25"]
[EventType "swiss"]
[EventRounds "9"]
[EventCountry "ESP"]
[Source "lmi"]
[SourceDate "2015.01.25"]

1. e4 c5 2. c3 d5 3. exd5 Qxd5 4. d4 Nc6 5. Nf3 cxd4 6. cxd4 e6 7. Nc3 Qd8 8.
Bd3 Nf6 9. O-O Be7 10. a3 O-O 11. Bc2 b6 12. Qd3 Bb7 13. Bg5 g6 14. Bh6 Re8 15.
Rfe1 Bf8 16. Bg5 Be7 17. Rad1 Nd5 18. Bh6 Nxc3 19. bxc3 Bxa3 20. h4 Be7 21. h5
Qd5 22. hxg6 hxg6 23. Qd2 Bf6 24. Ng5 Ne7 25. Be4 Qd7 26. Bxb7 Qxb7 27. Ne4 Bh8
28. Nd6 Qd5 29. Nxe8 Rxe8 30. Bf4 Nc6 31. Re3 Na5 32. Rh3 Nc4 33. Qe2 Bf6 34.
Re1 Bg7 35. Qg4 Qf5 36. Qh4 Bf6 37. Qh7+ Kf8 38. Rf3 Qh5 39. Qxh5 gxh5 40. Bh6+
Ke7 41. d5 Rc8 42. dxe6 fxe6 43. Rf5 h4 44. Bg5 Bxg5 45. Rxg5 a5 46. Re4 a4 47.
Rgg4 b5 48. Rxh4 a3 49. Rh7+ Kd6 50. Ra7 Kd5 51. Rd4+ Ke5 52. f4+ Kf5 53. Kf2
Rh8 54. Kf3 Rh1 55. g4+ Kg6 56. Ra6 Rh3+ 57. Kf2 Rxc3 58. f5+ Kg5 59. fxe6 Rc2+
60. Ke1 Rc1+ 61. Ke2 Rc2+ 62. Kf3 a2 63. Rd5+ Kf6 64. Rf5+ Kg7 65. Ra7+ Kg6 66.
e7 Rc3+ 67. Kf4 Re3 68. Rxa2 Rxe7 69. Rxb5 Rf7+ 70. Rf5 Rb7 71. Ra6+ Kg7 72.
Kg5 Nd2 73. Rg6+ Kh7 74. Re6 Ra7 75. Kf6 1-0

[Event "40. Open Ciudad de Sevilla 2015"]
[Site "Sevilla ESP"]
[Date "2015.01.29"]
[Round "6.18"]
[White "Medina Carrasco, Santiago"]
[Black "Gimenez Iturralde, Daniel"]
[Result "1-0"]
[WhiteElo "2200"]
[BlackElo "1984"]
[PlyCount "73"]
[EventDate "2015.01.25"]
[EventType "swiss"]
[EventRounds "9"]
[EventCountry "ESP"]
[Source "lmi"]
[SourceDate "2015.01.25"]

1. d4 d5 2. Nf3 e6 3. g3 c5 4. e3 Nc6 5. Bg2 Nf6 6. O-O Be7 7. b3 cxd4 8. exd4
O-O 9. Bb2 b6 10. c4 Ba6 11. Ne5 Rc8 12. Nd2 Na5 13. Rc1 Bb4 14. Qe2 Bxd2 15.
Qxd2 dxc4 16. b4 c3 17. Rxc3 Nc4 18. Nxc4 Rxc4 19. Rxc4 Bxc4 20. Rc1 b5 21. a4
a6 22. Qg5 Bd5 23. axb5 axb5 24. Rc5 Qd7 25. Qe5 Bxg2 26. Kxg2 Nd5 27. h4 Qb7
28. Kh2 h6 29. Qe2 Rb8 30. Bc1 Qa6 31. Qg4 Qa2 32. Kg2 Kf8 33. Bf4 Qb2 34. Rxd5
Qxb4 35. Bd6+ Qxd6 36. Rxd6 b4 37. Rd7 1-0

[Event "40. Open Ciudad de Sevilla 2015"]
[Site "Sevilla ESP"]
[Date "2015.01.29"]
[Round "6.19"]
[White "Rodriguez Perez, Angel Mariano"]
[Black "Vela Ignacio, Jose Manuel"]
[Result "0-1"]
[WhiteElo "2171"]
[BlackElo "1979"]
[PlyCount "116"]
[EventDate "2015.01.25"]
[EventType "swiss"]
[EventRounds "9"]
[EventCountry "ESP"]
[Source "lmi"]
[SourceDate "2015.01.25"]

1. e4 e6 2. d4 d5 3. exd5 exd5 4. Bf4 Bd6 5. Qd2 Nf6 6. Nc3 Bf5 7. O-O-O O-O 8.
f3 Bb4 9. g4 Be6 10. h4 c5 11. Nge2 Nc6 12. a3 Qa5 13. axb4 cxb4 14. Nb1 Rfc8
15. Ng3 Qa2 16. Qe3 Na5 17. Kd2 Qxb2 18. Rc1 b3 19. Nc3 Rc4 20. Nge2 b5 21. Ke1
Rac8 22. Nd1 Qa2 23. Nec3 Rxc3 24. Nxc3 Rxc3 25. Qxc3 b2 26. Kf2 bxc1=Q 27.
Bxc1 Nc4 28. Bxc4 dxc4 29. Bd2 Nd5 30. Qa5 Qxa5 31. Bxa5 Kf8 32. Ra1 a6 33. c3
Ke8 34. Kg3 Bc8 35. f4 Kd7 36. Re1 Bb7 37. h5 Nf6 38. Re5 Ne4+ 39. Kh4 f6 40.
h6 g6 41. Rxe4 Bxe4 42. Kg3 Kc6 43. Kf2 b4 44. cxb4 c3 45. Ke3 Kb5 46. d5 Kc4
47. d6 Bc6 48. Bb6 Kxb4 49. Kd3 Kb3 50. Bd4 c2 51. Kd2 a5 52. Bxf6 Bd7 53. f5
gxf5 54. g5 f4 55. g6 f3 56. g7 Be6 57. Bg5 c1=Q+ 58. Kxc1 f2 0-1

[Event "40. Open Ciudad de Sevilla 2015"]
[Site "Sevilla ESP"]
[Date "2015.01.29"]
[Round "6.20"]
[White "Mcmahon, Daire"]
[Black "Castillo Gomez, Jesus"]
[Result "1-0"]
[WhiteElo "2147"]
[BlackElo "1974"]
[PlyCount "104"]
[EventDate "2015.01.25"]
[EventType "swiss"]
[EventRounds "9"]
[EventCountry "ESP"]
[Source "lmi"]
[SourceDate "2015.01.25"]

1. d4 d5 2. c4 e6 3. Nc3 Nf6 4. cxd5 exd5 5. Bg5 Be7 6. e3 c6 7. Bd3 h6 8. Bxf6
Bxf6 9. Nge2 Nd7 10. O-O O-O 11. Qc2 Re8 12. b4 Nf8 13. Na4 Qe7 14. Rab1 g6 15.
b5 cxb5 16. Rxb5 b6 17. Nac3 Bb7 18. Nf4 Qd7 19. Rbb1 Red8 20. Rbc1 Bg5 21.
Nfe2 Rac8 22. Qb3 h5 23. a4 Kg7 24. Rb1 Bc6 25. Rfc1 Ne6 26. Ba6 Rb8 27. Nb5
Nc7 28. Nxc7 Qxc7 29. Bb5 Rd6 30. Bxc6 Rxc6 31. Qxd5 Rc8 32. Rxc6 Qxc6 33. Qxc6
Rxc6 34. Rc1 Rxc1+ 35. Nxc1 Kf6 36. Kf1 Ke6 37. Ke2 Be7 38. Kd3 Ba3 39. Ne2 a6
40. Kc4 g5 41. h3 f5 42. f3 Bd6 43. g4 fxg4 44. fxg4 hxg4 45. hxg4 Bh2 46. e4
Bf4 47. Nc3 Kd6 48. Nd5 Kc6 49. Ne7+ Kd7 50. Nf5 Ke6 51. Ng7+ Kd6 52. d5 Kc7
1-0

[Event "40. Open Ciudad de Sevilla 2015"]
[Site "Sevilla ESP"]
[Date "2015.01.31"]
[Round "6.31"]
[White "Borondo Garcia, Raul"]
[Black "Muñoz Mesa, Miguel Angel"]
[Result "0-1"]
[WhiteElo "2009"]
[BlackElo "1863"]
[PlyCount "80"]
[EventDate "2015.01.25"]
[EventType "swiss"]
[EventRounds "9"]
[EventCountry "ESP"]
[Source "lmi"]
[SourceDate "2015.01.25"]

1. d4 Nf6 2. Nf3 e6 3. Bg5 Be7 4. c4 b6 5. Nc3 Bb7 6. Qc2 d5 7. e3 O-O 8. Ne5
Nbd7 9. f4 c5 10. Bd3 h6 11. Bh4 dxc4 12. Nxc4 cxd4 13. exd4 Rc8 14. Qe2 Nd5
15. Bxe7 Qxe7 16. O-O Nxc3 17. bxc3 Bd5 18. Ne3 Nf6 19. Nxd5 Nxd5 20. c4 Nf6
21. Kh1 Qd6 22. Rad1 Kh8 23. Bb1 Qc6 24. Rc1 Rfd8 25. Rfd1 Qa4 26. Rc3 Qa5 27.
Qf3 Qh5 28. Qd3 g6 29. Rf1 Rc7 30. Qd2 Qa5 31. Qb2 Rxd4 32. Rd3 Rxf4 33. Rfd1
Kg7 34. g3 Rfxc4 35. Rf1 Rc3 36. Rd4 g5 37. Rd8 Qc5 38. Rd3 e5 39. Rdd1 Ng4 40.
Qe2 Nf2+ 0-1

[Event "40. Open Ciudad de Sevilla 2015"]
[Site "Sevilla ESP"]
[Date "2015.01.30"]
[Round "7.1"]
[White "Oral, Tomas"]
[Black "Perez Mitjans, Orelvis"]
[Result "1/2-1/2"]
[WhiteElo "2498"]
[BlackElo "2463"]
[PlyCount "35"]
[EventDate "2015.01.25"]
[EventType "swiss"]
[EventRounds "9"]
[EventCountry "ESP"]
[Source "lmi"]
[SourceDate "2015.01.25"]

1. e4 e6 2. d4 d5 3. Nd2 Nf6 4. e5 Nfd7 5. Bd3 c5 6. c3 b6 7. Nh3 Ba6 8. Bxa6
Nxa6 9. O-O Nc7 10. Nf4 c4 11. Qg4 g6 12. Nf3 b5 13. a4 bxa4 14. Rxa4 a5 15. h4
h5 16. Qg3 Nb6 17. Ra1 Be7 18. Nh3 1/2-1/2

[Event "40. Open Ciudad de Sevilla 2015"]
[Site "Sevilla ESP"]
[Date "2015.01.30"]
[Round "7.2"]
[White "Stopa, Jacek"]
[Black "Krysa, Leandro"]
[Result "1/2-1/2"]
[WhiteElo "2531"]
[BlackElo "2457"]
[PlyCount "106"]
[EventDate "2015.01.25"]
[EventType "swiss"]
[EventRounds "9"]
[EventCountry "ESP"]
[Source "lmi"]
[SourceDate "2015.01.25"]

1. d4 Nf6 2. c4 g6 3. f3 e6 4. e4 d5 5. cxd5 exd5 6. Nc3 dxe4 7. fxe4 Bb4 8.
Bg5 h6 9. Bxf6 Qxf6 10. Nf3 Bg4 11. Bb5+ c6 12. Be2 O-O 13. O-O Qe7 14. Qd2 Kg7
15. Rad1 Nd7 16. Qf4 Bxf3 17. Rxf3 Nf6 18. Bc4 Rad8 19. Rdf1 Rxd4 20. Bb3 Nxe4
21. Qxf7+ Rxf7 22. Rxf7+ Kh8 23. Rxe7 Bxe7 24. Rf7 Bc5 25. Kh1 Ng5 26. Rf1 h5
27. Ne2 Rd2 28. Nf4 Ne4 29. Nxg6+ Kg7 30. Nf4 Nf2+ 31. Kg1 Ng4+ 32. Kh1 Nf2+
33. Kg1 Nd3+ 34. Kh1 Nxf4 35. Rxf4 Rxb2 36. g3 Rf2 37. Rxf2 Bxf2 38. Kg2 Bd4
39. Kf3 Kf6 40. Ke4 Bg1 41. h3 Bf2 42. g4 h4 43. a4 Bg3 44. Bg8 Bc7 45. Bh7 b5
46. axb5 cxb5 47. Kd5 b4 48. Kc4 a5 49. Bc2 Bf4 50. g5+ Kxg5 51. Ba4 Bc7 52.
Kb3 Kf4 53. Bd7 Kg5 1/2-1/2

[Event "40. Open Ciudad de Sevilla 2015"]
[Site "Sevilla ESP"]
[Date "2015.01.30"]
[Round "7.3"]
[White "Matamoros Franco, Carlos S"]
[Black "Leite, Catarina"]
[Result "1/2-1/2"]
[WhiteElo "2523"]
[BlackElo "2136"]
[PlyCount "63"]
[EventDate "2015.01.25"]
[EventType "swiss"]
[EventRounds "9"]
[EventCountry "ESP"]
[Source "lmi"]
[SourceDate "2015.01.25"]

1. Nf3 c5 2. c4 Nc6 3. d4 cxd4 4. Nxd4 Nf6 5. Nc3 e6 6. a3 a6 7. g3 Qc7 8. Bg2
Be7 9. O-O O-O 10. b3 Nxd4 11. Qxd4 d6 12. Bb2 Bd7 13. Rac1 Rac8 14. a4 Rfd8
15. Rfd1 Qb8 16. Qd3 Bc6 17. e4 b6 18. Qe2 Nd7 19. Rb1 Nc5 20. Ba1 Bf6 21. Re1
b5 22. axb5 Bxc3 23. Bxc3 axb5 24. Qe3 Qb7 25. Bd4 Qe7 26. e5 Bxg2 27. Kxg2 b4
28. Red1 d5 29. Bxc5 Qxc5 30. Rd4 Qc6 31. Kg1 dxc4 32. Rxc4 1/2-1/2

[Event "40. Open Ciudad de Sevilla 2015"]
[Site "Sevilla ESP"]
[Date "2015.01.30"]
[Round "7.4"]
[White "Fernandez Romero, Ernesto"]
[Black "Silva Lucena, Cristian"]
[Result "1-0"]
[WhiteElo "2483"]
[BlackElo "2200"]
[PlyCount "53"]
[EventDate "2015.01.25"]
[EventType "swiss"]
[EventRounds "9"]
[EventCountry "ESP"]
[Source "lmi"]
[SourceDate "2015.01.25"]

1. e4 c5 2. Nf3 d6 3. d4 cxd4 4. Nxd4 Nf6 5. Nc3 e6 6. g4 h6 7. h3 Nc6 8. Bg2
a6 9. f4 Qb6 10. Nb3 Be7 11. Qe2 Nd7 12. h4 Qd8 13. Qf2 Nb6 14. Bf1 Nd7 15. Be3
b5 16. O-O-O Qc7 17. Bd3 Nf6 18. Rhg1 h5 19. gxh5 Nxh5 20. Be2 Bf6 21. e5 dxe5
22. Bb6 Qb8 23. Bf3 Bb7 24. Nc5 Be7 25. Nd7 Qc8 26. Bxh5 Nd4 27. Bxf7+ 1-0

[Event "40. Open Ciudad de Sevilla 2015"]
[Site "Sevilla ESP"]
[Date "2015.01.30"]
[Round "7.5"]
[White "Campora Sivori, Daniel"]
[Black "Lalic, Bogdan"]
[Result "1/2-1/2"]
[WhiteElo "2456"]
[BlackElo "2482"]
[PlyCount "76"]
[EventDate "2015.01.25"]
[EventType "swiss"]
[EventRounds "9"]
[EventCountry "ESP"]
[Source "lmi"]
[SourceDate "2015.01.25"]

1. e4 c5 2. Nf3 e6 3. d4 cxd4 4. Nxd4 Nf6 5. Nc3 Nc6 6. Nxc6 bxc6 7. Bd3 d5 8.
O-O Be7 9. Bf4 O-O 10. Re1 Re8 11. exd5 exd5 12. Na4 Be6 13. b3 Bd6 14. Qd2 a5
15. Bxd6 Qxd6 16. Qe3 Ng4 17. Qg3 Qxg3 18. hxg3 Nf6 19. Re2 Kf8 20. Rc1 h5 21.
Nc5 Bc8 22. Rxe8+ Kxe8 23. c4 Kd8 24. f3 Ra7 25. Kf2 Re7 26. Rc2 d4 27. Re2 Nd7
28. Na4 g6 29. c5 Ne5 30. Rd2 Kc7 31. Be2 Rd7 32. f4 Ng4+ 33. Bxg4 hxg4 34. Nb6
Rd8 35. Nxc8 Kxc8 36. Ke2 Rd5 37. Kd3 Rxc5 38. Kxd4 Rd5+ 1/2-1/2